[Event "Moia op 7th"]
[Site "Moia"]
[Date "2018.09.28"]
[Round "3"]
[White "Ambros Pladellorens, Jordi"]
[Black "Barcons Gallach, Alfonso"]
[Result "0-1"]
[WhiteElo "1753"]
[BlackElo "1616"]
[PlyCount "62"]
[EventDate "2018.09.14"]
[EventType "swiss"]
[EventRounds "8"]
[EventCountry "ESP"]
[SourceTitle "CBM 189 Extra"]
[Source "ChessBase"]
[SourceDate "2019.06.03"]
[SourceVersion "1"]
[SourceVersionDate "2019.06.03"]
[SourceQuality "1"]

1. e4 e5 2. Nf3 Nc6 3. d4 exd4 4. Bc4 Nf6 5. e5 d5 6. exf6 dxc4 7. Qe2+ Be6 8. fxg7 Bxg7 9. 0-0 Qe7 10. Na3 Bd5 11. Qxe7+ Kxe7 12. Bg5+ f6 13. Rfe1+ Kd7 14. Bf4 a6 15. Rad1 Bxf3 16. gxf3 b5 17. Kh1 Rhe8 18. Kg2 Rxe1 19. Rxe1 Rg8 20. Kh3 Bf8 21. Nb1 Bd6 22. Bg3 Ne5 23. Nd2 Bb4 24. Bxe5 fxe5 25. Rd1 Bxd2 26. Rxd2 Ke6 27. Re2 Kf5 28. Re4 c5 29. Rh4 Rg7 30. Rh6 Rd7 31. Kg3 d3 0-1

[Event "Moia op 3rd"]
[Site "Moia"]
[Date "2014.10.10"]
[Round "4"]
[White "Ambros Pladellorens, Jordi"]
[Black "Marin, Claudiu Cristian"]
[Result "0-1"]
[WhiteElo "1975"]
[BlackElo "1744"]
[PlyCount "54"]
[EventDate "2014.09.19"]
[EventType "swiss"]
[EventRounds "8"]
[EventCountry "ESP"]
[SourceTitle "EXT 2016"]
[Source "ChessBase"]
[SourceDate "2015.10.08"]
[SourceVersion "1"]
[SourceVersionDate "2015.10.08"]
[SourceQuality "1"]

1. e4 e6 2. Nf3 d5 3. exd5 exd5 4. d4 Bg4 5. Be2 Be7 6. 0-0 Nf6 7. c4 0-0 8. Qb3 b6 9. Nc3 dxc4 10. Qxc4 Be6 11. Qd3 Nbd7 12. Be3 Nd5 13. Rfc1 c5 14. Nxd5 Bxd5 15. dxc5 Nxc5 16. Bxc5 Bxc5 17. b3 Re8 18. Rd1 Qe7 19. Qxd5 Qxe2 20. Rf1 Rad8 21. Qf5 h6 22. Rae1 Qxa2 23. Rxe8+ Rxe8 24. Qd5 Qb2 25. g3 Re7 26. b4 Bxb4 27. Qd8+ Kh7 0-1